Pattison : portrait of a capitalist superstar /

Bibliographic Details
Main Author: Kelly, Russell, 1949-
Format: Book
Language:English
Published: Vancouver : New Star Books, [1986]
Subjects:

MARC

Tag First Indicator Second Indicator Subfields
LEADER 00000cam a2200000 a 4500
001 in00000008805
005 20151004050025.0
008 870925s1986 bcc b 00110beng
010 |a  86221808  
020 |a 091957355X (pbk.) :  |c $5.95 
020 |a 0919573541 (hard) 
035 |a (OCoLC)16866757 
035 |9 AAA1217AM 
040 |a DLC  |c DLC  |d TXA  |d UtOrBLW 
049 |a TXAM  |c [A12570602] 
050 0 0 |a HC112.5.P37  |b K44 1986 
082 0 |a 338/.04/0924  |a B  |2 19 
100 1 |a Kelly, Russell,  |d 1949- 
245 1 0 |a Pattison :  |b portrait of a capitalist superstar /  |c Russell Kelly. 
264 1 |a Vancouver :  |b New Star Books,  |c [1986] 
264 4 |c ©1986 
300 |a 263 pages ;  |c 18 cm. 
336 |a text  |b txt  |2 rdacontent 
337 |a unmediated  |b n  |2 rdamedia 
338 |a volume  |b nc  |2 rdacarrier 
504 |a Bibliography: pages 253-255. 
500 |a Includes index. 
600 1 0 |a Pattison, Jim,  |d 1928- 
650 0 |a Businessmen  |z British Columbia  |x Biography. 
999 |a MARS 
999 f f |s da27750d-620d-31c7-9fbd-e605c9172378  |i 36ed3332-2ab3-3388-b243-17c69d51ddeb  |t 0 
952 f f |p ric  |a Texas A&M University  |b Rellis Campus  |c Joint Library Facility  |d Remote Storage  |t 0  |e HC112.5.P37 K44 1986  |h Library of Congress classification  |i unmediated -- volume  |m A14812570602 
998 f f |a HC112.5.P37 K44 1986  |t 0  |l Remote Storage